| 000 | 01461nam a2200421 i 4500 | ||
|---|---|---|---|
| 001 | 38619 | ||
| 003 | KOSZ 005 | ||
| 005 | 20220915134352.0 | ||
| 008 | 001010s2000 pl f f |000 0 pol d | ||
| 020 | _a8386689137 | ||
| 040 |
_cKOSZ 005 _aKOSZ 005 _dKOSZ 005/HR |
||
| 041 | 0 | _apl | |
| 046 | _k2000 | ||
| 080 | _a378.22 | ||
| 100 | 1 |
_aWojcik, Krystyna _eAutor |
|
| 245 | 1 | 0 |
_aPiszę pracę magisterską : _bporadnik dla autorów akademickich prac promocyjnych (licencjackich, magisterskich, doktorskich) / _cKrystyna Wojcik. |
| 250 | _aWyd. 5 zm. | ||
| 260 |
_aWarszawa : _bSzkoła Główna Handlowa. Oficyna Wydawnicza, _c2000. |
||
| 300 |
_a132 s. ; _c25 cm. |
||
| 336 |
_2rdacontent _aTekst _btxt |
||
| 337 |
_2rdamedia _aBez urządzenia pośredniczącego _bn |
||
| 338 |
_2rdacarrier _aWolumin _bnc |
||
| 380 | _aKsiążki | ||
| 380 | _aPublikacje dydaktyczne | ||
| 385 |
_mPoziom nauczania _aSzkoły wyższe |
||
| 388 | _a1901-2000 | ||
| 388 | _a1989-2000 | ||
| 504 | _aBibliogr. - Indeks. | ||
| 650 | 7 | _aMetodologia | |
| 655 | 7 | _aPoradnik | |
| 655 | 7 | _aPraca licencjacka | |
| 655 | 7 | _aPraca magisterska | |
| 655 | 7 | _aRozprawa doktorska | |
| 658 | _aNauka i badania | ||
| 710 | 2 |
_aOficyna Wydawnicza (Szkoła Główna Handlowa ; Warszawa) _4pbl |
|
| 856 |
_uhttp://koha.tu.koszalin.pl/cgi-bin/koha/opac-detail.pl?biblionumber=38619 _yKatalog online BPK |
||
| 942 |
_cKS _2UKD |
||
| 999 |
_c38619 _d38619 |
||